000 01576cam a22002055a 4500
001 L155766
008 120416s1770 xxk f 000 0 eng d
035 _a(Sirsi) u155766
041 0 _aeng
245 0 2 _aA new and compleat history and survey of the cities of London and Westminster
_bthe Borough of Southwark, and Parts adjacent; from the earliest accounts, to the begining of the year 1770. Containing I. An Account of the original Foundation, and modern State of those Places. II. Their Laws, Charters, Customs, Privileges, Immunities, Government, Trade and Navigation. III. A Description of the several Wards, Parishes, Liberties, Precincts, Churches, Palaces, Noblemen's Houses, Hospitals, and other public Buildings. IV. An Account of the Curiosities of the Tower of London, the Royal Exchange, St. Paul's Cathedral, the British Museum, Westminster-Abbey, &c. V. A general History of the memorable Actions of the Citizens, and the Revolutions that have happened, from the Invasion of Julius Caesar to the present Time. By a Society of gentlemen; revised, corrected, and improved, by Henry Chamberlain of Hatton-Garden, Esq
260 _aLondon
_bprinted for J. Cooke, at Shakespear's Head, No. 17, Pater-Noster-Row
_c[1770]
300 _a[4], 682, [10] p., plates
_c2o
520 _aPublished in parts.
583 0 _aCondition reviewed
_c20120620
_lcondition level 1, 4, 4
583 _aSent for conservation
_c20130129
_kElizabeth Neville
651 4 _aGreat Britain
_y1707-
690 _aConservation and restoration
700 1 _aChamberlain, Henry
942 _n0
999 _c113805
_d113805